000 00448nam a2200145Ia 4500
008 230917s9999||||xx |||||||||||||| ||und||
040 _e176941
_aMAIN
041 _aEnglish
082 _a891.43172109 SR19R
100 _aशर्मा सुरेश
245 0 _aरघुवीर सहाय का कविक्रम
260 _aदिल्ली
_bपिपुलस लिटरेसी
_c1981
300 _a170 p.
942 _cHN
999 _c227826
_d227826